| 000 | 00386nam a2200145Ia 4500 | ||
|---|---|---|---|
| 008 | 230312s9999||||xx |||||||||||||| ||und|| | ||
| 020 | _a81-7758-957-3 | ||
| 082 |
_a612 _bFUR-V |
||
| 100 | _aFurniss;Brian.S | ||
| 245 | 0 | _aVogel's Textbook of Practical Organic Chemistry (P-2) | |
| 260 |
_bPearson _aIndia _c2014 |
||
| 300 | _a822 | ||
| 650 |
_aMedical _vOrganic Chemistry |
||
| 942 | _cBK | ||
| 999 |
_c10976 _d10976 |
||